[Event "Rome La Regina op 3rd"]
[Site "Rome"]
[Date "2023.07.30"]
[Round "4"]
[White "Verga, Francesco"]
[Black "Orfini, Nicolo"]
[Result "0-1"]
[WhiteElo "1948"]
[BlackElo "2206"]
[PlyCount "72"]
[EventDate "2023.07.28"]
[EventType "swiss"]
[EventRounds "5"]
[EventCountry "ITA"]
[SourceTitle "CBM 215 Extra"]
[Source "ChessBase"]
[SourceDate "2023.09.30"]
[SourceVersion "1"]
[SourceVersionDate "2023.09.30"]
[SourceQuality "1"]

1. d4 Nf6 2. c4 d6 3. Nf3 Nc6 4. d5 Ne5 5. Nxe5 dxe5 6. Nc3 e6 7. e4 Bc5 8. Be2 0-0 9. 0-0 c6 10. Bg5 h6 11. Bh4 Bd4 12. Qc2 g5 13. Bg3 exd5 14. cxd5 cxd5 15. Nxd5 Nxd5 16. exd5 Qxd5 17. Bc4 Qc6 18. Rfe1 Be6 19. Rac1 Qxc4 20. Qxc4 Bxc4 21. Rxc4 Rac8 22. Rec1 Rxc4 23. Rxc4 f5 24. h3 f4 25. Bh2 Bxb2 26. Rc7 Rd8 27. Kf1 Rd1+ 28. Ke2 Rh1 29. Rxb7 Bd4 30. Rb8+ Kg7 31. Rb7+ Kg6 32. Rc7 Rxh2 33. Kf3 Rh1 34. Rc6+ Kf5 35. Rxh6 e4+ 36. Ke2 Rb1 0-1

[Event "ITA-ch U20 81st"]
[Site "Cagliari"]
[Date "2022.11.21"]
[Round "5"]
[White "Bin Suhayl, Ieysaa"]
[Black "Orfini, Nicolo"]
[Result "1-0"]
[WhiteElo "2230"]
[BlackElo "2227"]
[PlyCount "77"]
[EventDate "2022.11.17"]
[EventType "tourn"]
[EventRounds "7"]
[EventCountry "ITA"]
[SourceTitle "CBM 211 Extra"]
[Source "ChessBase"]
[SourceDate "2023.01.31"]
[SourceVersion "1"]
[SourceVersionDate "2023.01.31"]
[SourceQuality "1"]

1. d4 Nf6 2. c4 d6 3. Nc3 g6 4. e4 Bg7 5. h3 e5 6. d5 a5 7. g4 Na6 8. Nge2 Nd7 9. h4 h5 10. Ng3 Nf6 11. g5 Nd7 12. Be2 Qe7 13. Be3 f6 14. a3 fxg5 15. hxg5 Nf8 16. b4 Nb8 17. c5 Bd7 18. bxa5 Rxa5 19. Qb3 Bc8 20. cxd6 Qxd6 21. Nb5 Rxb5 22. Bxb5+ Nfd7 23. Rc1 Kd8 24. Ne2 Bf8 25. Rc3 Na6 26. Bxa6 Qxa6 27. f4 Qa5 28. 0-0 Bd6 29. Kh1 b6 30. fxe5 Nxe5 31. Rf6 Ke7 32. Bd4 Bg4 33. Nf4 Qa6 34. Nd3 Nf3 35. e5 Nxd4 36. exd6+ cxd6 37. Qb4 Nb5 38. Rc1 Rh7 39. Rc7+ 1-0

[Event "ITA-ch U20 81st"]
[Site "Cagliari"]
[Date "2022.11.17"]
[Round "1"]
[White "Lumachi, Gabriele"]
[Black "Orfini, Nicolo"]
[Result "1/2-1/2"]
[WhiteElo "2394"]
[BlackElo "2227"]
[PlyCount "93"]
[EventDate "2022.11.17"]
[EventType "tourn"]
[EventRounds "7"]
[EventCountry "ITA"]
[SourceTitle "CBM 211 Extra"]
[Source "ChessBase"]
[SourceDate "2023.01.31"]
[SourceVersion "1"]
[SourceVersionDate "2023.01.31"]
[SourceQuality "1"]

1. Nf3 c5 2. b3 Nf6 3. Bb2 e6 4. c4 b6 5. g3 Bb7 6. Bg2 Bc8 7. Bf1 Bb7 8. Bg2 Be7 9. 0-0 d6 10. d4 0-0 11. Nc3 Ne4 12. Qc2 Nxc3 13. Qxc3 Bf6 14. Qd2 Qe7 15. Rad1 Nd7 16. dxc5 Bxb2 17. c6 Bxc6 18. Qxb2 Bxf3 19. Bxf3 Rad8 20. Qa3 Ne5 21. Bg2 Qc7 22. Rd2 Rd7 23. h3 Rfd8 24. f4 Qc5+ 25. Qxc5 dxc5 26. Rxd7 Nxd7 27. g4 Nf8 28. e3 Rd3 29. Rf3 Rd2 30. Rf2 Rxf2 31. Kxf2 f6 32. h4 g6 33. h5 gxh5 34. gxh5 f5 35. e4 Kg7 36. e5 h6 37. a3 a5 38. Ke3 Nd7 39. Bc6 Nb8 40. Bb5 Kf7 41. Kd3 Ke7 42. Kc3 Kd8 43. b4 Kc7 44. bxc5 bxc5 45. Kb3 Nc6 46. Bxc6 Kxc6 47. a4 1/2-1/2

[Event "Palmanova op 10th"]
[Site "Palmanova"]
[Date "2021.12.04"]
[Round "3"]
[White "Orfini, Nicolo"]
[Black "Urbani, Gabriel"]
[Result "1-0"]
[WhiteElo "2209"]
[BlackElo "1973"]
[PlyCount "85"]
[EventDate "2021.12.03"]
[EventType "swiss"]
[EventRounds "5"]
[EventCountry "ITA"]
[SourceTitle "CBM 205 Extra"]
[Source "ChessBase"]
[SourceDate "2022.01.31"]
[SourceVersion "1"]
[SourceVersionDate "2022.01.31"]
[SourceQuality "1"]

1. e4 e5 2. Nf3 Nc6 3. d3 Nf6 4. Be2 Bc5 5. 0-0 0-0 6. Nbd2 d6 7. c3 a5 8. b3 Re8 9. Bb2 Ba7 10. Qc2 Ne7 11. d4 Ng6 12. dxe5 dxe5 13. Nc4 Bd7 14. Rad1 Qc8 15. Bc1 Bc6 16. Bd3 Bc5 17. Bg5 Nh5 18. Be3 Bf8 19. Rfe1 f6 20. Ncd2 Nhf4 21. Bf1 Qg4 22. Kh1 Rad8 23. Ng1 Qc8 24. g3 Ne6 25. Bh3 Qa8 26. f3 b5 27. Nf1 Nc5 28. Bf5 Nh8 29. b4 axb4 30. cxb4 Na6 31. Rxd8 Qxd8 32. Qxc6 Nxb4 33. Qxb5 g6 34. Bd7 Re7 35. Rd1 c6 36. Be6+ Rxe6 37. Rxd8 cxb5 38. Bh6 Kf7 39. Rxf8+ Ke7 40. Rxh8 Nxa2 41. Rxh7+ Ke8 42. Ra7 Nc3 43. Bd2 1-0

[Event "ITA-ch sf 80th"]
[Site "Civitanova Marche"]
[Date "2021.07.22"]
[Round "6"]
[White "Rindone, Andrea"]
[Black "Orfini, Nicolo"]
[Result "1-0"]
[WhiteElo "2152"]
[BlackElo "2246"]
[PlyCount "95"]
[EventDate "2021.07.17"]
[EventType "swiss"]
[EventRounds "9"]
[EventCountry "ITA"]
[SourceTitle "CBM 203 Extra"]
[Source "ChessBase"]
[SourceDate "2021.09.30"]
[SourceVersion "1"]
[SourceVersionDate "2021.09.30"]
[SourceQuality "1"]

1. Nf3 d6 2. e4 Nf6 3. Nc3 e5 4. d4 Nbd7 5. Bc4 Be7 6. 0-0 0-0 7. Re1 a6 8. a4 b6 9. b3 Bb7 10. Bb2 c6 11. Bd3 Re8 12. Ne2 Bf8 13. Ng3 g6 14. Qd2 Bg7 15. h3 Qc7 16. c4 c5 17. d5 a5 18. Ne2 Nb8 19. g3 Bc8 20. Kg2 Na6 21. Rad1 Nh5 22. g4 Qd7 23. Rh1 Nf6 24. Ng3 h6 25. g5 hxg5 26. Nxg5 Bh6 27. Bc1 Qe7 28. Qe2 Nxd5 29. exd5 Bxg5 30. Bxg5 Qxg5 31. h4 Qh6 32. Ne4 Rd8 33. h5 f5 34. hxg6 Qxg6+ 35. Ng3 e4 36. Qe3 exd3 37. Rh6 Qg7 38. Rdh1 Rf8 39. Rh7 Qxh7 40. Rxh7 Kxh7 41. Qe7+ Kg6 42. Qxf8 d2 43. Qe8+ Kh7 44. Qf7+ Kh6 45. Qh5+ Kg7 46. Qg5+ Kf7 47. Qxd2 Bd7 48. Qh6 1-0

[Event "ITA-ch sf 80th"]
[Site "Civitanova Marche"]
[Date "2021.07.19"]
[Round "3"]
[White "Orfini, Nicolo"]
[Black "Lumachi, Gabriele"]
[Result "0-1"]
[WhiteElo "2246"]
[BlackElo "2305"]
[PlyCount "110"]
[EventDate "2021.07.17"]
[EventType "swiss"]
[EventRounds "9"]
[EventCountry "ITA"]
[SourceTitle "CBM 203 Extra"]
[Source "ChessBase"]
[SourceDate "2021.09.30"]
[SourceVersion "1"]
[SourceVersionDate "2021.09.30"]
[SourceQuality "1"]

1. e4 e6 2. d4 d5 3. Nc3 dxe4 4. Nxe4 Bd7 5. Nf3 Bc6 6. Bd3 Nd7 7. Qe2 Ngf6 8. c4 Bb4+ 9. Bd2 Bxd2+ 10. Nfxd2 0-0 11. 0-0 Bxe4 12. Nxe4 c6 13. Rfd1 Qc7 14. Rac1 Rfe8 15. Qf3 Rad8 16. Qg3 Qxg3 17. hxg3 Nxe4 18. Bxe4 Nb6 19. b4 Rd7 20. b5 cxb5 21. cxb5 Red8 22. Rc2 f5 23. Bf3 e5 24. d5 e4 25. Be2 Rxd5 26. Rxd5 Rxd5 27. a4 Rd7 28. a5 Nd5 29. Bc4 Kf8 30. Rd2 Nf6 31. Rxd7 Nxd7 32. Be6 Nc5 33. Bxf5 g6 34. Bc8 b6 35. axb6 axb6 36. Kf1 Ke7 37. Ke2 Kd6 38. Ke3 Kd5 39. Bg4 Ke5 40. Bd1 Nb7 41. g4 Nd6 42. Be2 Ne8 43. f4+ exf3 44. Bxf3 g5 45. g3 Nf6 46. Kd3 Nd5 47. Bg2 Nc7 48. Kc4 Ne6 49. Bf1 Nc5 50. Be2 Ne4 51. Kd3 Nxg3 52. Bf3 Kf4 53. Bd1 Ne4 54. Kd4 Nf6 55. Be2 h6 0-1

[Event "Montesilvano Adriatico op 22nd"]
[Site "Montesilvano"]
[Date "2021.06.06"]
[Round "5"]
[White "Aghayev, Miragha"]
[Black "Orfini, Nicolo"]
[Result "1/2-1/2"]
[WhiteElo "2384"]
[BlackElo "2244"]
[PlyCount "77"]
[EventDate "2021.06.04"]
[EventType "swiss"]
[EventRounds "5"]
[EventCountry "ITA"]
[SourceTitle "CBM 202 Extra"]
[Source "ChessBase"]
[SourceDate "2021.07.31"]
[SourceVersion "1"]
[SourceVersionDate "2021.07.31"]
[SourceQuality "1"]

1. d4 Nf6 2. Nf3 d6 3. Nc3 Nbd7 4. e4 e5 5. Rg1 g6 6. g4 Bg7 7. Be3 c6 8. Qd2 Qe7 9. 0-0-0 0-0 10. dxe5 Nxe5 11. Nxe5 dxe5 12. f3 Be6 13. Qd6 Qxd6 14. Rxd6 Rfe8 15. a3 Bf8 16. Rd2 b5 17. Be2 a5 18. Rgd1 b4 19. Nb1 a4 20. Bf1 Reb8 21. Rf2 Ba2 22. axb4 Bxb4 23. Na3 Bxa3 24. bxa3 Rb1+ 25. Kd2 Rd8+ 26. Bd3 Rb2 27. Kc3 Rbb8 28. Rfd2 Nd5+ 29. exd5 cxd5 30. Ba6 Rd6 31. Ra1 Rxa6 32. Rxa2 d4+ 33. Kd3 dxe3 34. Kxe3 Rc6 35. Rd5 Rc3+ 36. Rd3 Rc4 37. Rd5 Rc3+ 38. Rd3 Rc4 39. Rd5 1/2-1/2

[Event "Montesilvano Adriatico op 22nd"]
[Site "Montesilvano"]
[Date "2021.06.06"]
[Round "4"]
[White "Orfini, Nicolo"]
[Black "Giordani, Luca"]
[Result "1-0"]
[WhiteElo "2244"]
[BlackElo "1984"]
[PlyCount "115"]
[EventDate "2021.06.04"]
[EventType "swiss"]
[EventRounds "5"]
[EventCountry "ITA"]
[SourceTitle "CBM 202 Extra"]
[Source "ChessBase"]
[SourceDate "2021.07.31"]
[SourceVersion "1"]
[SourceVersionDate "2021.07.31"]
[SourceQuality "1"]

1. e4 d6 2. d4 g6 3. Nf3 Bg7 4. c3 Nf6 5. Bd3 0-0 6. 0-0 Nbd7 7. Nbd2 e5 8. Re1 Re8 9. Qc2 Nh5 10. a4 Nf8 11. dxe5 dxe5 12. Bf1 Nf4 13. Nc4 Qe7 14. Kh1 Bg4 15. Ng1 Bd7 16. g3 N4e6 17. Ne3 c6 18. b3 Nc7 19. Ba3 Qf6 20. Rad1 Rad8 21. Bd6 Na8 22. Ba3 Be6 23. Nc4 Bxc4 24. Bxc4 Nb6 25. Bf1 Nc8 26. f3 Ne6 27. Kg2 h5 28. Bc1 Kh7 29. Rxd8 Rxd8 30. Rd1 Bh6 31. Bxh6 Kxh6 32. b4 Kg7 33. Bc4 Rxd1 34. Qxd1 Qd8 35. Qxd8 Nxd8 36. Kf2 Kf6 37. Ke3 Nd6 38. Bb3 Ne6 39. f4 exf4+ 40. gxf4 Ke7 41. Nf3 f6 42. h4 b6 43. Nd2 Nb7 44. Bc2 a5 45. f5 gxf5 46. exf5 Ng7 47. bxa5 Nxa5 48. Kf4 b5 49. axb5 cxb5 50. Bd3 b4 51. cxb4 Nb7 52. Nc4 Nd6 53. Ne3 Nde8 54. Ke4 Kd6 55. Kd4 Kc6 56. b5+ Kb7 57. Kc5 Nc7 58. Be4+ 1-0

[Event "Fermo op 6th"]
[Site "Fermo"]
[Date "2021.04.23"]
[Round "1"]
[White "Gabbani, Sara"]
[Black "Orfini, Nicolo"]
[Result "0-1"]
[WhiteElo "1934"]
[BlackElo "2229"]
[PlyCount "64"]
[EventDate "2021.04.23"]
[EventType "swiss"]
[EventRounds "5"]
[EventCountry "ITA"]
[SourceTitle "EXT 2022"]
[Source "ChessBase"]
[SourceDate "2021.10.06"]
[SourceVersion "1"]
[SourceVersionDate "2021.10.06"]
[SourceQuality "1"]

1. e4 d6 2. d4 Nf6 3. Nc3 e5 4. dxe5 dxe5 5. Qxd8+ Kxd8 6. Bc4 Be6 7. Bxe6 fxe6 8. Be3 Bb4 9. f3 Nbd7 10. 0-0-0 c6 11. Nh3 Kc7 12. Nf2 Nb6 13. Rd3 Rhd8 14. Rhd1 Rxd3 15. Rxd3 Nc4 16. Ncd1 Nh5 17. c3 Be7 18. g3 Rf8 19. Bd2 c5 20. b3 Na5 21. Nb2 Nc6 22. Ng4 b5 23. Kd1 Nf6 24. Ne3 a6 25. Ke2 Nd7 26. Nc2 g5 27. Be3 h5 28. Rd1 g4 29. f4 Nf6 30. fxe5 Nxe4 31. Kd3 Nf2+ 32. Bxf2 Rxf2 0-1

[Event "Bassano del Grappa GM Mix 2nd"]
[Site "Bassano del Grappa"]
[Date "2021.03.26"]
[Round "5"]
[White "Orfini, Nicolo"]
[Black "Shetty, Atulya"]
[Result "1/2-1/2"]
[WhiteElo "2214"]
[BlackElo "2447"]
[PlyCount "138"]
[EventDate "2021.03.24"]
[EventType "swiss"]
[EventRounds "9"]
[EventCountry "ITA"]
[SourceTitle "CBM 201 Extra"]
[Source "ChessBase"]
[SourceDate "2021.05.31"]
[SourceVersion "1"]
[SourceVersionDate "2021.05.31"]
[SourceQuality "1"]

1. e4 c5 2. c3 g6 3. Nf3 Bg7 4. d4 cxd4 5. cxd4 d5 6. exd5 Nf6 7. Bb5+ Nbd7 8. d6 0-0 9. dxe7 Qxe7+ 10. Be2 Re8 11. Nc3 b5 12. a3 Bb7 13. 0-0 a6 14. Be3 Qd6 15. h3 Rad8 16. Qd2 Nb6 17. Bf4 Qd7 18. Rad1 Nfd5 19. Ne5 Qc8 20. Nxd5 Bxd5 21. Rfe1 Qa8 22. Bf1 Nc8 23. Ng4 Rxe1 24. Rxe1 h5 25. Bg5 Rf8 26. Nf6+ Kh8 27. Nd7 Rg8 28. Bf6 Kh7 29. Qg5 Bh6 30. Qh4 Qc6 31. Ne5 Qc2 32. Bg5 Bxg5 33. Qxg5 Qf5 34. Qh4 Kg7 35. Bd3 Qf6 36. Qxf6+ Kxf6 37. Nd7+ Kg7 38. Nc5 a5 39. Bxb5 Nd6 40. Bd3 Rb8 41. Re2 h4 42. f3 Ne8 43. Be4 Bc4 44. Rc2 Nd6 45. Kf2 g5 46. Rd2 f5 47. Bd3 Bf7 48. Rc2 Be8 49. b4 axb4 50. Rb2 Ra8 51. axb4 Rb8 52. Ne6+ Kf6 53. Nc7 Bf7 54. b5 Ke7 55. b6 Nc8 56. b7 Nd6 57. Bxf5 Rxb7 58. Rxb7 Nxb7 59. Be4 Nd6 60. Na6 Bc4 61. Nb4 Kf6 62. d5 Ke5 63. Nc6+ Kf4 64. Ne7 Nxe4+ 65. fxe4 Kxe4 66. d6 Be6 67. Ng6 Kd5 68. Nf8 Kxd6 69. Nh7 Kd5 1/2-1/2

[Event "Bassano del Grappa Vergani Cup Elitte-A"]
[Site "Bassano del Grappa"]
[Date "2021.01.07"]
[Round "9"]
[White "Fecker, Noah"]
[Black "Orfini, Nicolo"]
[Result "1/2-1/2"]
[WhiteElo "2329"]
[BlackElo "2246"]
[PlyCount "40"]
[EventDate "2021.01.03"]
[EventType "swiss"]
[EventRounds "9"]
[EventCountry "ITA"]
[SourceTitle "EXT 2022"]
[Source "ChessBase"]
[SourceDate "2021.10.06"]
[SourceVersion "1"]
[SourceVersionDate "2021.10.06"]
[SourceQuality "1"]

1. e4 c5 2. Nf3 Nc6 3. d4 cxd4 4. Nxd4 e5 5. Nb5 d6 6. N1c3 a6 7. Na3 Be7 8. Be3 Nf6 9. Nc4 b5 10. Nb6 Rb8 11. Nxc8 Qxc8 12. Be2 0-0 13. 0-0 Rd8 14. a3 Na5 15. Nd5 Nxd5 16. exd5 Nc4 17. Bc1 e4 18. b3 Ne5 19. Bb2 Bf6 20. Bd4 Qf5 1/2-1/2

[Event "Bassano del Grappa Vergani Cup Elitte-A"]
[Site "Bassano del Grappa"]
[Date "2021.01.05"]
[Round "4"]
[White "Krivenko, Dion"]
[Black "Orfini, Nicolo"]
[Result "1/2-1/2"]
[WhiteElo "2085"]
[BlackElo "2246"]
[PlyCount "101"]
[EventDate "2021.01.03"]
[EventType "swiss"]
[EventRounds "9"]
[EventCountry "ITA"]
[SourceTitle "EXT 2022"]
[Source "ChessBase"]
[SourceDate "2021.10.06"]
[SourceVersion "1"]
[SourceVersionDate "2021.10.06"]
[SourceQuality "1"]

1. e4 d6 2. d4 Nf6 3. Nc3 e5 4. Nf3 Nbd7 5. g4 Nxg4 6. Rg1 exd4 7. Nxd4 Nde5 8. h3 Nf6 9. Bg5 c6 10. Qe2 h6 11. Bh4 g5 12. Bg3 Qb6 13. 0-0-0 Bd7 14. Nf3 Qc7 15. Qe3 Be6 16. Nd4 Qb6 17. Na4 Qa5 18. Nxe6 fxe6 19. Qb3 0-0-0 20. Qxe6+ Nfd7 21. Nc3 Qc5 22. Be2 Rh7 23. Kb1 Kc7 24. Qb3 Nb6 25. Na4 Nxa4 26. Qxa4 Rf7 27. Qb3 Rg7 28. Rd2 Re8 29. Rgd1 Rd7 30. a3 Bg7 31. Bg4 Rdd8 32. Be2 Qb6 33. Qxb6+ axb6 34. Bh5 Rf8 35. Bxe5 Bxe5 36. Bg4 Rf4 37. Re2 b5 38. c3 Rh8 39. Rg1 Kd8 40. Kc2 Ke7 41. Bh5 Rh4 42. Bg4 Kf6 43. Re3 h5 44. Bf5 Rg8 45. f3 Rf4 46. Rg2 Rd8 47. Rg1 d5 48. Rd1 c5 49. Red3 d4 50. cxd4 Rxd4 51. Rxd4 1/2-1/2

[Event "Bassano del Grappa Vergani Cup Elitte-A"]
[Site "Bassano del Grappa"]
[Date "2021.01.04"]
[Round "2"]
[White "Dardha, Daniel"]
[Black "Orfini, Nicolo"]
[Result "1-0"]
[WhiteElo "2485"]
[BlackElo "2246"]
[PlyCount "65"]
[EventDate "2021.01.03"]
[EventType "swiss"]
[EventRounds "9"]
[EventCountry "ITA"]
[SourceTitle "EXT 2022"]
[Source "ChessBase"]
[SourceDate "2021.10.06"]
[SourceVersion "1"]
[SourceVersionDate "2021.10.06"]
[SourceQuality "1"]

1. d4 d6 2. Nf3 Nf6 3. c4 g6 4. Nc3 Bf5 5. h3 Bg7 6. g4 Bc8 7. e4 h5 8. g5 Nfd7 9. Be3 c5 10. Qd2 Nc6 11. d5 Na5 12. Qc2 a6 13. a4 Qb6 14. Nd2 0-0 15. f4 Qb4 16. Rb1 Nb6 17. Na2 Qxa4 18. b3 Qa3 19. Kf2 Bd4 20. Bxd4 cxd4 21. Qb2 Qxb2 22. Rxb2 f6 23. gxf6 Rxf6 24. Kg3 h4+ 25. Kxh4 Rxf4+ 26. Kg3 Rf8 27. Be2 Bd7 28. Ra1 Nc6 29. dxc6 Bxc6 30. Nb4 a5 31. Nd5 Bxd5 32. exd5 Nd7 33. Nf3 1-0

[Event "Bassano del Grappa Vergani Cup 5th"]
[Site "Bassano del Grappa"]
[Date "2020.12.29"]
[Round "6"]
[White "Niemann, Hans Moke"]
[Black "Orfini, Nicolo"]
[Result "1-0"]
[WhiteElo "2472"]
[BlackElo "2278"]
[PlyCount "49"]
[EventDate "2020.12.26"]
[EventType "swiss"]
[EventRounds "9"]
[EventCountry "ITA"]
[SourceTitle "CBM 200 Extra"]
[Source "ChessBase"]
[SourceDate "2021.03.31"]
[SourceVersion "1"]
[SourceVersionDate "2021.03.31"]
[SourceQuality "1"]

1. d4 Nf6 2. c4 d6 3. Nc3 g6 4. e4 Bg7 5. Be2 0-0 6. Be3 c6 7. g4 Qa5 8. f3 c5 9. d5 e6 10. Qd2 exd5 11. cxd5 a6 12. Bh6 Re8 13. h4 Bh8 14. h5 b5 15. Nh3 b4 16. Nd1 Bxg4 17. Nf4 Ra7 18. Ne3 Nxe4 19. fxe4 Bxe2 20. Kxe2 Rxe4 21. hxg6 hxg6 22. Bg5 Bd4 23. Qxd4 cxd4 24. Bf6 Qb5+ 25. Kd1 1-0

[Event "Montesilvano op 21st"]
[Site "Montesilvano"]
[Date "2020.12.20"]
[Round "5"]
[White "D'Antonio, Neri"]
[Black "Orfini, Nicolo"]
[Result "1/2-1/2"]
[WhiteElo "2208"]
[BlackElo "2278"]
[PlyCount "64"]
[EventDate "2020.12.18"]
[EventType "swiss"]
[EventRounds "5"]
[EventCountry "ITA"]
[SourceTitle "EXT 2022"]
[Source "ChessBase"]
[SourceDate "2021.10.06"]
[SourceVersion "1"]
[SourceVersionDate "2021.10.06"]
[SourceQuality "1"]

1. e4 c5 2. Nf3 Nc6 3. Bb5 g6 4. Bxc6 dxc6 5. d3 Bg7 6. h3 Nf6 7. Nc3 0-0 8. 0-0 Ne8 9. Be3 b6 10. Qd2 e5 11. Nh2 Nc7 12. f4 exf4 13. Rxf4 Ne6 14. Rf2 Nd4 15. Raf1 Qe7 16. Bh6 f6 17. Bxg7 Kxg7 18. Nf3 Nxf3+ 19. Rxf3 Qe5 20. Nd1 Be6 21. b3 Rad8 22. Qf2 Qd4 23. Ne3 Rf7 24. g4 Rdf8 25. Ng2 Qe5 26. Nf4 Bc8 27. Qg3 Qb2 28. h4 Qxc2 29. g5 f5 30. Ne6+ Bxe6 31. Qe5+ Kg8 32. Qxe6 Qb2 1/2-1/2

[Event "Montesilvano op 21st"]
[Site "Montesilvano"]
[Date "2020.12.20"]
[Round "4"]
[White "Orfini, Nicolo"]
[Black "Carnicelli, Valerio"]
[Result "1/2-1/2"]
[WhiteElo "2278"]
[BlackElo "2235"]
[PlyCount "21"]
[EventDate "2020.12.18"]
[EventType "swiss"]
[EventRounds "5"]
[EventCountry "ITA"]
[SourceTitle "EXT 2022"]
[Source "ChessBase"]
[SourceDate "2021.10.06"]
[SourceVersion "1"]
[SourceVersionDate "2021.10.06"]
[SourceQuality "1"]

1. Nf3 Nf6 2. g3 g6 3. Bg2 Bg7 4. Kf1 0-0 5. d3 d6 6. e4 e5 7. c3 Re8 8. Qc2 Nc6 9. b4 a6 10. Nbd2 h6 11. a3 1/2-1/2

[Event "ITA-ch Online U20 Qual GpA"]
[Site "Premium Chess Arena INT"]
[Date "2020.11.20"]
[Round "7.1"]
[White "Orfini, Nicolo"]
[Black "Marzocchi, Tommaso"]
[Result "1-0"]
[WhiteElo "2278"]
[BlackElo "2222"]
[PlyCount "147"]
[EventDate "2020.11.18"]
[EventType "tourn (rapid)"]
[EventRounds "7"]
[EventCountry "ITA"]
[EventCategory "1"]
[SourceTitle "CBM 199 Extra"]
[Source "ChessBase"]
[SourceDate "2021.01.31"]
[SourceVersion "1"]
[SourceVersionDate "2021.01.31"]
[SourceQuality "1"]

1. e4 c5 2. c3 Nf6 3. e5 Nd5 4. Nf3 Nc6 5. Bc4 Nb6 6. Bb3 e6 7. 0-0 d6 8. d4 dxe5 9. dxe5 Qxd1 10. Rxd1 c4 11. Bc2 Be7 12. a4 Na5 13. Na3 a6 14. Be3 Nd5 15. Nd2 Nxe3 16. fxe3 Bxa3 17. bxa3 Bd7 18. Rab1 Ke7 19. Ne4 Bc6 20. Rb4 f6 21. exf6+ gxf6 22. Rf1 f5 23. Ng3 Rad8 24. Rf2 Rhf8 25. Rb1 Rf7 26. Rbf1 Rdf8 27. Rf4 Bd5 28. Rd1 Bc6 29. Rdf1 Bd5 30. Rh4 Nc6 31. Ne2 Ne5 32. Nf4 Bc6 33. Rh6 Bd7 34. h3 Rg7 35. Rf2 Ng6 36. Nh5 Rgf7 37. Kh2 Bc6 38. Re2 e5 39. Ng3 Ke6 40. Rh5 e4 41. Re1 Rd8 42. Rf1 Rd5 43. Bd1 Ne7 44. Ne2 Rd3 45. Nf4+ Ke5 46. Nxd3+ exd3 47. Rh4 Bd5 48. g4 Rg7 49. Kg3 fxg4 50. hxg4 Ke4 51. Rf3 Be6 52. Kf2 Nd5 53. g5+ Ke5 54. Rxc4 Rxg5 55. Rd4 Nxc3 56. Rxd3 Nxd1+ 57. Rxd1 Bg4 58. Rg1 Rg7 59. Rf4 h5 60. Rb1 Be6 61. Rb6 Bd5 62. Rh6 Rg2+ 63. Ke1 Rh2 64. Rf2 Rh4 65. a5 Be6 66. Kd2 Rh1 67. Rf8 Bg4 68. Rb6 Ra1 69. Rb3 Be6 70. Rxb7 Rxa3 71. Rb6 Bc4 72. Rh8 Rd3+ 73. Kc2 Ke4 74. Rb4 1-0

[Event "Bassano del Grappa op 10"]
[Site "Bassano del Grappa"]
[Date "2020.10.25"]
[Round "4"]
[White "Basso, Pier Luigi"]
[Black "Orfini, Nicolo"]
[Result "1-0"]
[WhiteElo "2570"]
[BlackElo "2278"]
[PlyCount "31"]
[EventDate "2020.10.23"]
[EventType "swiss"]
[EventRounds "5"]
[EventCountry "ITA"]
[SourceTitle "EXT 2022"]
[Source "ChessBase"]
[SourceDate "2021.10.06"]
[SourceVersion "1"]
[SourceVersionDate "2021.10.06"]
[SourceQuality "1"]

1. d4 Nf6 2. c4 c5 3. d5 a6 4. Nc3 b5 5. a3 bxc4 6. e4 d6 7. f4 Nbd7 8. Qa4 g6 9. e5 dxe5 10. fxe5 Ng4 11. e6 Bg7 12. Nf3 0-0 13. exd7 Bxd7 14. Qxc4 e5 15. h3 Nh6 16. Qh4 1-0

[Event "Bassano del Grappa op 10"]
[Site "Bassano del Grappa"]
[Date "2020.10.24"]
[Round "3"]
[White "Orfini, Nicolo"]
[Black "Miotto, Alberto"]
[Result "1-0"]
[WhiteElo "2278"]
[BlackElo "2053"]
[PlyCount "76"]
[EventDate "2020.10.23"]
[EventType "swiss"]
[EventRounds "5"]
[EventCountry "ITA"]
[SourceTitle "EXT 2022"]
[Source "ChessBase"]
[SourceDate "2021.10.06"]
[SourceVersion "1"]
[SourceVersionDate "2021.10.06"]
[SourceQuality "1"]

1. c4 e6 2. Nf3 d5 3. e3 Nf6 4. Nc3 c6 5. b3 Nbd7 6. Bb2 Bd6 7. Qc2 a6 8. Be2 e5 9. d4 e4 10. Nd2 Qe7 11. g4 h6 12. h4 Nf8 13. Rg1 g5 14. h5 Be6 15. 0-0-0 N8d7 16. f3 exf3 17. Bxf3 Rc8 18. Kb1 Ba3 19. e4 Nb6 20. c5 Bxb2 21. Kxb2 Na8 22. Rde1 Nc7 23. exd5 cxd5 24. Nf1 0-0 25. Ne3 Qd7 26. Na4 Na8 27. Be2 Rfe8 28. Ref1 Ne4 29. Bd3 Rcd8 30. Bxe4 dxe4 31. Rd1 Bd5 32. Rgf1 Qe6 33. Rf5 Nc7 34. Nc3 f6 35. Rdf1 Rf8 36. Ncxd5 Nxd5 37. Rxd5 Rxd5 38. Qc4 Rfd8 1-0

[Event "Cattolica op 7th"]
[Site "Cattolica"]
[Date "2020.09.08"]
[Round "9"]
[White "Papadiamandis, Elliot"]
[Black "Orfini, Nicolo"]
[Result "0-1"]
[WhiteElo "2269"]
[BlackElo "2245"]
[PlyCount "80"]
[EventDate "2020.08.31"]
[EventType "swiss"]
[EventRounds "9"]
[EventCountry "ITA"]
[SourceTitle "EXT 2021"]
[Source "ChessBase"]
[SourceDate "2020.10.23"]
[SourceVersion "1"]
[SourceVersionDate "2020.10.23"]
[SourceQuality "1"]

1. e4 d6 2. d4 Nf6 3. Nc3 e5 4. Nf3 Nbd7 5. Bc4 Be7 6. 0-0 0-0 7. Re1 c6 8. a4 b6 9. d5 cxd5 10. Bxd5 Nxd5 11. Nxd5 Nf6 12. Nxe7+ Qxe7 13. b3 Bb7 14. Bg5 h6 15. Bxf6 Qxf6 16. c4 Qe6 17. Nh4 g6 18. Qd2 Kh7 19. f4 Qf6 20. g3 exf4 21. Qxf4 Qxf4 22. gxf4 Rae8 23. Rad1 Rxe4 24. Rxe4 Bxe4 25. Rxd6 Bc2 26. b4 Rc8 27. Rd7 Kg7 28. Nf3 Rxc4 29. Ne5 Rxf4 30. Rxa7 Bb3 31. Nc6 Rc4 32. b5 Rxa4 33. Rb7 Ra1+ 34. Kf2 Ra2+ 35. Kg3 Bd5 36. Rxb6 Rg2+ 37. Kh3 Rg1 38. Nd4 h5 39. Rd6 Bc4 40. Kh4 Rg4+ 0-1

[Event "Cattolica op 7th"]
[Site "Cattolica"]
[Date "2020.09.03"]
[Round "4"]
[White "Orfini, Nicolo"]
[Black "Alanic, Mickael"]
[Result "1-0"]
[WhiteElo "2245"]
[BlackElo "2306"]
[PlyCount "77"]
[EventDate "2020.08.31"]
[EventType "swiss"]
[EventRounds "9"]
[EventCountry "ITA"]
[SourceTitle "EXT 2021"]
[Source "ChessBase"]
[SourceDate "2020.10.23"]
[SourceVersion "1"]
[SourceVersionDate "2020.10.23"]
[SourceQuality "1"]

1. e4 e5 2. Nf3 Nc6 3. Bb5 g6 4. c3 a6 5. Ba4 d6 6. d4 Bd7 7. 0-0 Bg7 8. d5 Nce7 9. Bxd7+ Qxd7 10. c4 h6 11. Nc3 f5 12. Ne1 fxe4 13. Nxe4 Nf6 14. f3 0-0 15. Nc2 Nf5 16. Qd3 Rae8 17. Bd2 Rf7 18. Rad1 Ref8 19. b3 g5 20. Ne3 Nd4 21. Nxf6+ Rxf6 22. Ng4 Rf5 23. Bc3 h5 24. Ne3 Rf4 25. Bxd4 exd4 26. Nc2 Qf7 27. Ne1 Be5 28. g3 Rf5 29. Rd2 h4 30. Kg2 Kg7 31. Qe4 Rh8 32. Qg4 Rf6 33. f4 hxg3 34. hxg3 Rfh6 35. Nf3 Qh5 36. Qxh5 Rxh5 37. fxe5 g4 38. Nh4 dxe5 39. Re2 1-0